000 00633nam a2200205 4500
003 OSt
005 20150226172547.0
008 810219s1978 sp 000 spa
040 _cBMC
082 _a813.5
100 1 _aSanders, Lawrence
_d1920-1998
_930974
245 1 3 _aEl segundo pecado mortal
_cLawrence Sanders ; traducción, Raquel Albornoz
260 _aMadrid
_bUltramar
_c1978
300 _a345 p.
_c20 cm
490 _aGrandes novelistas. La novela actual en el mundo
595 _aTraducción de: The second deadly sin
650 2 4 _917595
_aNovela norteamericana
700 1 _aAlbornoz, Raquel
_91161
942 _2ddc
_cBK
999 _c18000
_d18000